000 00339nam a2200121Ia 4500
003 GCL
008 140319s9999 xx 000 0 ara d
040 _aGCL /
_cGCL
082 0 4 _aط
_b813.088
_bس ق
245 1 0 _aصالح
260 _a[S.N] :
_bدار الكتاب المصرى ،
_c1989
490 _aقصص الانبياء للابناء
_v0
999 _c58059
_d58059